| 000 -LEADER |
| fixed length control field |
00665nam a2200217Ia 4500 |
| 001 - CONTROL NUMBER |
| control field |
4204 |
| 003 - CONTROL NUMBER IDENTIFIER |
| control field |
GE_BSU |
| 008 - FIXED-LENGTH DATA ELEMENTS--GENERAL INFORMATION |
| fixed length control field |
181216s||||||||xx |||||||||||||| ||und|| |
| 040 ## - CATALOGING SOURCE |
| Transcribing agency |
GE_BSU |
| 080 ## - UNIVERSAL DECIMAL CLASSIFICATION NUMBER |
| Universal Decimal Classification number |
662.76(075.8) |
| 100 ## - MAIN ENTRY--PERSONAL NAME |
| Personal name |
Щукин А.А. |
| 245 ## - TITLE STATEMENT |
| Title |
Промышленные печи и газовое хозяйство заводов. |
| 245 ## - TITLE STATEMENT |
| Remainder of title |
Изд. 2-е перераб. |
| 245 ## - TITLE STATEMENT |
| Statement of responsibility, etc. |
ред. В. В. Мурзаков. |
| 260 ## - PUBLICATION, DISTRIBUTION, ETC. |
| Place of publication, distribution, etc. |
Москва |
| 260 ## - PUBLICATION, DISTRIBUTION, ETC. |
| Name of publisher, distributor, etc. |
Энергия |
| 260 ## - PUBLICATION, DISTRIBUTION, ETC. |
| Date of publication, distribution, etc. |
1973 |
| 300 ## - PHYSICAL DESCRIPTION |
| Extent |
224 с. 29 см. |
| 653 ## - INDEX TERM--UNCONTROLLED |
| Uncontrolled term |
Промышленные печи и газовое хозяйство заводов. |
| 942 ## - ADDED ENTRY ELEMENTS (KOHA) |
| Koha item type |
წიგნი |